000 00349nam a22001457a 4500
008 210518b ||||| |||| 00| 0 eng d
020 _a9780130477064
041 _aeng
080 _24th
_a54
082 _a54
100 _a12
101 _aKIM
245 _aFundamentals of General, Organic, and Biological Chemistry
_cMurry,M
942 _2udc
_cBK
999 _c57423
_d57423